000 00989nam a2200301Ia 4500
003 OSt
005 20221007122356.0
006 a|||||r|||| 00| 0
007 ta
008 221006b |||||||| |||| 00| 0 eng d
020 _a9788181288349 (pbk)
024 _a83742
037 _b1627, 18/12/2008, New India Book Agency
_cTextbook
040 _aPAPL
_cPAPL
_beng
041 _2eng
_aeng
082 _aC9B58, P5;3 Carpa
100 _aDinklage A Ed.
245 0 _aPlasma physics
_b Klinger T Ed. Schweikhard L Ed.
260 _aBerlin
_bSpringer
_c2005
300 _axx, 496p.
_ccm.
490 _aLecture notes in physics
500 _aIncludes bibliographical references.; Index 489-496p.
650 _aPhysics
700 _a Klinger T Ed.
700 _a Schweikhard L Ed.
942 _hC9B58, P5;3 Carpa
_cTB
_2CC
999 _c1210233
_d1210233